LIBRARY & INFORMATION CENTRE, KCAET, TAVANUR

ONLINE PUBLIC ACCESS CATALOGUE (OPAC)

Ergonomic evaluation of coconut climbers and refinement of tnau climber (Record no. 14939)

MARC details
000 -LEADER
fixed length control field 00711nam a22001817a 4500
003 - CONTROL NUMBER IDENTIFIER
control field OSt
088 ## - REPORT NUMBER
Report number P 229
100 ## - MAIN ENTRY--AUTHOR NAME
Personal name MANOJ THOMAS
-- NANDAKUMARAN UNNY M
-- SREERAG P.M
245 ## - TITLE STATEMENT
Title Ergonomic evaluation of coconut climbers and refinement of tnau climber
260 ## - PUBLICATION, DISTRIBUTION, ETC. (IMPRINT)
Place of publication Tavanur 2011
Name of publisher Kelappaji College of Agricultural Engineering and Technology
300 ## - PHYSICAL DESCRIPTION
Number of Pages 52
500 ## - GENERAL NOTE
General note Ergonomic evaluation of coconut climbers and refinement of tnau climber
520 ## - SUMMARY, ETC.
Summary, etc Ergonomic evaluation of coconut climbers and refinement of tnau climber
700 ## - ADDED ENTRY--PERSONAL NAME
Personal name Dr. Jayan P.R (Guide)
856 ## - ELECTRONIC LOCATION AND ACCESS
Uniform Resource Identifier https://drive.google.com/open?id=1j7sEV6wa5p5jC_gmFx6J5NPrnXM_WCLD
942 ## - ADDED ENTRY ELEMENTS (KOHA)
Koha item type Project Report
Holdings
Collection code Home library Current library Shelving location Full call number Accession Number Koha item type
Reference KAUAET KAUAET Reference 631.3 MAN/ER P 229 Project Report
free website counter